<?xml version="1.0" encoding="UTF-8"?>
<record
    xmlns:xsi="http://www.w3.org/2001/XMLSchema-instance"
    xsi:schemaLocation="http://www.loc.gov/MARC21/slim http://www.loc.gov/standards/marcxml/schema/MARC21slim.xsd"
    xmlns="http://www.loc.gov/MARC21/slim">

  <leader>00648nam a2200205Ia 4500</leader>
  <controlfield tag="005">20220114110455.0</controlfield>
  <controlfield tag="008">210716s2009    xx            000 0 und d</controlfield>
  <datafield tag="040" ind1=" " ind2=" ">
    <subfield code="c">AIMIT LIBRARY</subfield>
  </datafield>
  <datafield tag="041" ind1=" " ind2=" ">
    <subfield code="a">eng</subfield>
  </datafield>
  <datafield tag="082" ind1=" " ind2=" ">
    <subfield code="a">332.1 </subfield>
    <subfield code="2">8</subfield>
    <subfield code="b">SRIR</subfield>
  </datafield>
  <datafield tag="100" ind1=" " ind2=" ">
    <subfield code="a">Srivastava, R M.</subfield>
    <subfield code="9">13033</subfield>
  </datafield>
  <datafield tag="245" ind1=" " ind2=" ">
    <subfield code="a">Management of Indian Financial Institutions: </subfield>
    <subfield code="c">by R. M. Srivastava and Divya Nigam.</subfield>
  </datafield>
  <datafield tag="250" ind1=" " ind2=" ">
    <subfield code="a">8th .ed .-</subfield>
  </datafield>
  <datafield tag="260" ind1=" " ind2=" ">
    <subfield code="a">New Delhi:</subfield>
    <subfield code="b">Himalaya Publishing House,</subfield>
    <subfield code="c">2009.</subfield>
  </datafield>
  <datafield tag="300" ind1=" " ind2=" ">
    <subfield code="a">636p. ;28cm.</subfield>
  </datafield>
  <datafield tag="650" ind1=" " ind2=" ">
    <subfield code="a">Banking</subfield>
    <subfield code="9">13034</subfield>
  </datafield>
  <datafield tag="650" ind1=" " ind2=" ">
    <subfield code="a">Management of Commercial Bank of India</subfield>
    <subfield code="9">13035</subfield>
  </datafield>
  <datafield tag="700" ind1=" " ind2=" ">
    <subfield code="a">Nigam, Divya.</subfield>
    <subfield code="9">13036</subfield>
  </datafield>
  <datafield tag="942" ind1=" " ind2=" ">
    <subfield code="2">ddc</subfield>
    <subfield code="c">BK</subfield>
    <subfield code="e">8</subfield>
    <subfield code="k">332.1 SRIR</subfield>
  </datafield>
  <datafield tag="999" ind1=" " ind2=" ">
    <subfield code="c">202636</subfield>
    <subfield code="d">202636</subfield>
  </datafield>
  <datafield tag="952" ind1=" " ind2=" ">
    <subfield code="0">0</subfield>
    <subfield code="1">0</subfield>
    <subfield code="2">ddc</subfield>
    <subfield code="4">0</subfield>
    <subfield code="7">0</subfield>
    <subfield code="8">MBA</subfield>
    <subfield code="a">AIMIT</subfield>
    <subfield code="b">AIMIT</subfield>
    <subfield code="d">2008-09-25</subfield>
    <subfield code="g">398.00</subfield>
    <subfield code="i">Bill no:512; Bill dt:2008-09-18</subfield>
    <subfield code="l">0</subfield>
    <subfield code="o">332.1 SRIR</subfield>
    <subfield code="p">MBA05202</subfield>
    <subfield code="r">2026-05-23 00:00:00</subfield>
    <subfield code="v">318.40</subfield>
    <subfield code="w">2021-07-16</subfield>
    <subfield code="y">BK</subfield>
  </datafield>
  <datafield tag="952" ind1=" " ind2=" ">
    <subfield code="0">0</subfield>
    <subfield code="1">0</subfield>
    <subfield code="2">ddc</subfield>
    <subfield code="4">0</subfield>
    <subfield code="7">0</subfield>
    <subfield code="8">MBA</subfield>
    <subfield code="a">AIMIT</subfield>
    <subfield code="b">AIMIT</subfield>
    <subfield code="d">2008-09-25</subfield>
    <subfield code="g">398.00</subfield>
    <subfield code="i">Bill no:512; Bill dt:2008-09-18</subfield>
    <subfield code="l">0</subfield>
    <subfield code="o">332.1 SRIR</subfield>
    <subfield code="p">MBA05203</subfield>
    <subfield code="r">2026-05-23 00:00:00</subfield>
    <subfield code="v">318.40</subfield>
    <subfield code="w">2021-07-16</subfield>
    <subfield code="y">BK</subfield>
  </datafield>
  <datafield tag="952" ind1=" " ind2=" ">
    <subfield code="0">0</subfield>
    <subfield code="1">0</subfield>
    <subfield code="2">ddc</subfield>
    <subfield code="4">0</subfield>
    <subfield code="7">0</subfield>
    <subfield code="8">MBA</subfield>
    <subfield code="a">AIMIT</subfield>
    <subfield code="b">AIMIT</subfield>
    <subfield code="d">2008-09-25</subfield>
    <subfield code="g">398.00</subfield>
    <subfield code="i">Bill no:512; Bill dt:2008-09-18</subfield>
    <subfield code="l">0</subfield>
    <subfield code="o">332.1 SRIR</subfield>
    <subfield code="p">MBA05204</subfield>
    <subfield code="r">2026-05-23 00:00:00</subfield>
    <subfield code="v">318.40</subfield>
    <subfield code="w">2021-07-16</subfield>
    <subfield code="y">BK</subfield>
  </datafield>
  <datafield tag="952" ind1=" " ind2=" ">
    <subfield code="0">0</subfield>
    <subfield code="1">0</subfield>
    <subfield code="2">ddc</subfield>
    <subfield code="4">0</subfield>
    <subfield code="7">0</subfield>
    <subfield code="8">MBA</subfield>
    <subfield code="a">AIMIT</subfield>
    <subfield code="b">AIMIT</subfield>
    <subfield code="d">2008-09-25</subfield>
    <subfield code="g">398.00</subfield>
    <subfield code="i">Bill no:512; Bill dt:2008-09-18</subfield>
    <subfield code="l">0</subfield>
    <subfield code="o">332.1 SRIR</subfield>
    <subfield code="p">MBA05205</subfield>
    <subfield code="r">2026-05-23 00:00:00</subfield>
    <subfield code="v">318.40</subfield>
    <subfield code="w">2021-07-16</subfield>
    <subfield code="y">BK</subfield>
  </datafield>
  <datafield tag="952" ind1=" " ind2=" ">
    <subfield code="0">0</subfield>
    <subfield code="1">0</subfield>
    <subfield code="2">ddc</subfield>
    <subfield code="4">0</subfield>
    <subfield code="7">0</subfield>
    <subfield code="8">MBA</subfield>
    <subfield code="a">AIMIT</subfield>
    <subfield code="b">AIMIT</subfield>
    <subfield code="d">2009-10-12</subfield>
    <subfield code="g">398.00</subfield>
    <subfield code="i">Bill no:9879; Bill dt:2009-09-24</subfield>
    <subfield code="l">0</subfield>
    <subfield code="o">332.1 SRIR</subfield>
    <subfield code="p">MBA06538</subfield>
    <subfield code="r">2026-05-23 00:00:00</subfield>
    <subfield code="v">298.50</subfield>
    <subfield code="w">2021-07-16</subfield>
    <subfield code="y">BK</subfield>
  </datafield>
  <datafield tag="952" ind1=" " ind2=" ">
    <subfield code="0">0</subfield>
    <subfield code="1">0</subfield>
    <subfield code="2">ddc</subfield>
    <subfield code="4">0</subfield>
    <subfield code="7">0</subfield>
    <subfield code="8">MBA</subfield>
    <subfield code="a">AIMIT</subfield>
    <subfield code="b">AIMIT</subfield>
    <subfield code="d">2009-10-12</subfield>
    <subfield code="g">398.00</subfield>
    <subfield code="i">Bill no:9879; Bill dt:2009-09-24</subfield>
    <subfield code="l">0</subfield>
    <subfield code="o">332.1 SRIR</subfield>
    <subfield code="p">MBA06539</subfield>
    <subfield code="r">2026-05-23 00:00:00</subfield>
    <subfield code="v">298.50</subfield>
    <subfield code="w">2021-07-16</subfield>
    <subfield code="y">BK</subfield>
  </datafield>
  <datafield tag="952" ind1=" " ind2=" ">
    <subfield code="0">0</subfield>
    <subfield code="1">0</subfield>
    <subfield code="2">ddc</subfield>
    <subfield code="4">0</subfield>
    <subfield code="7">0</subfield>
    <subfield code="8">MBA</subfield>
    <subfield code="a">AIMIT</subfield>
    <subfield code="b">AIMIT</subfield>
    <subfield code="d">2009-10-12</subfield>
    <subfield code="g">398.00</subfield>
    <subfield code="i">Bill no:9879; Bill dt:2009-09-24</subfield>
    <subfield code="l">0</subfield>
    <subfield code="o">332.1 SRIR</subfield>
    <subfield code="p">MBA06540</subfield>
    <subfield code="r">2026-05-23 00:00:00</subfield>
    <subfield code="v">298.50</subfield>
    <subfield code="w">2021-07-16</subfield>
    <subfield code="y">BK</subfield>
  </datafield>
  <datafield tag="952" ind1=" " ind2=" ">
    <subfield code="0">0</subfield>
    <subfield code="1">0</subfield>
    <subfield code="2">ddc</subfield>
    <subfield code="4">0</subfield>
    <subfield code="7">0</subfield>
    <subfield code="8">MBA</subfield>
    <subfield code="a">AIMIT</subfield>
    <subfield code="b">AIMIT</subfield>
    <subfield code="d">2009-10-12</subfield>
    <subfield code="g">398.00</subfield>
    <subfield code="i">Bill no:9879; Bill dt:2009-09-24</subfield>
    <subfield code="l">0</subfield>
    <subfield code="o">332.1 SRIR</subfield>
    <subfield code="p">MBA06541</subfield>
    <subfield code="r">2026-05-23 00:00:00</subfield>
    <subfield code="v">298.50</subfield>
    <subfield code="w">2021-07-16</subfield>
    <subfield code="y">BK</subfield>
  </datafield>
  <datafield tag="952" ind1=" " ind2=" ">
    <subfield code="0">0</subfield>
    <subfield code="1">0</subfield>
    <subfield code="2">ddc</subfield>
    <subfield code="4">0</subfield>
    <subfield code="7">0</subfield>
    <subfield code="8">MBA</subfield>
    <subfield code="a">AIMIT</subfield>
    <subfield code="b">AIMIT</subfield>
    <subfield code="d">2010-12-15</subfield>
    <subfield code="g">398.00</subfield>
    <subfield code="i">Bill no:ABK 507; Bill dt:2010-09</subfield>
    <subfield code="l">0</subfield>
    <subfield code="o">332.1 SRIR</subfield>
    <subfield code="p">MBA08448</subfield>
    <subfield code="r">2026-05-23 00:00:00</subfield>
    <subfield code="v">298.50</subfield>
    <subfield code="w">2021-07-16</subfield>
    <subfield code="y">BK</subfield>
  </datafield>
</record>
